The attributes of God : (Record no. 4642)
[ view plain ]
| 000 -LEADER | |
|---|---|
| fixed length control field | 00955cam a2200277Ia 4500 |
| 001 - CONTROL NUMBER | |
| control field | 455799 |
| 003 - CONTROL NUMBER IDENTIFIER | |
| control field | GBCCL |
| 005 - DATE AND TIME OF LATEST TRANSACTION | |
| control field | 20241126110523.0 |
| 008 - FIXED-LENGTH DATA ELEMENTS--GENERAL INFORMATION | |
| fixed length control field | 950602s1962 pau 000 0 eng d |
| 035 ## - SYSTEM CONTROL NUMBER | |
| System control number | (OCoLC)ocm32586848 |
| 035 ## - SYSTEM CONTROL NUMBER | |
| System control number | (OCoLC)32586848 |
| 040 ## - CATALOGING SOURCE | |
| Original cataloging agency | SBI |
| Language of cataloging | eng |
| Transcribing agency | SBI |
| Modifying agency | OCLCG |
| -- | OCLCQ |
| -- | OCLCF |
| -- | OCLCQ |
| -- | OCLCO |
| -- | LBB |
| 049 ## - | |
| -- | LBBA |
| 050 #4 - | |
| -- | BT130 |
| -- | .P5 1962 |
| 082 ## - DEWEY DECIMAL CLASSIFICATION NUMBER | |
| Classification number | 231 |
| Item number | PIN |
| 100 1# - MAIN ENTRY--PERSONAL NAME | |
| Personal name | Pink, Arthur Walkington, |
| Dates associated with a name | 1886-1952. |
| 9 (RLIN) | 2836 |
| 245 14 - TITLE STATEMENT | |
| Title | The attributes of God : |
| Remainder of title | a solemn and blessed contemplation of some of the wondrous and lovely perfections of the divine character / |
| Statement of responsibility, etc. | Arthur W. Pink. |
| 260 ## - PUBLICATION, DISTRIBUTION, ETC. | |
| Place of publication, distribution, etc. | Swengel, Pa. : |
| Name of publisher, distributor, etc. | Reiner publications, |
| Date of publication, distribution, etc. | 1962. |
| 300 ## - PHYSICAL DESCRIPTION | |
| Extent | 108 pages ; |
| Dimensions | 20 cm |
| 336 ## - CONTENT TYPE | |
| Content type term | text |
| Content type code | txt |
| Source | rdacontent |
| 337 ## - MEDIA TYPE | |
| Media type term | unmediated |
| Media type code | n |
| Source | rdamedia |
| 338 ## - CARRIER TYPE | |
| Carrier type term | volume |
| Carrier type code | nc |
| Source | rdacarrier |
| 650 #0 - SUBJECT ADDED ENTRY--TOPICAL TERM | |
| Topical term or geographic name entry element | God |
| General subdivision | Attributes. |
| 9 (RLIN) | 7569 |
| 650 #7 - SUBJECT ADDED ENTRY--TOPICAL TERM | |
| Topical term or geographic name entry element | God |
| General subdivision | Attributes. |
| Source of heading or term | fast |
| Authority record control number or standard number | (OCoLC)fst00944039 |
| 9 (RLIN) | 7569 |
| 942 ## - ADDED ENTRY ELEMENTS (KOHA) | |
| Source of classification or shelving scheme | Dewey Decimal Classification |
| Koha item type | Books |
| Koha issues (borrowed), all copies | 8 |
| Withdrawn status | Lost status | Source of classification or shelving scheme | Damaged status | Not for loan | Home library | Current Library | Shelving location | Date acquired | Total checkouts | Total renewals | Full call number | Barcode | Date last seen | Date last checked out | Copy number | Price effective from | Koha item type |
|---|---|---|---|---|---|---|---|---|---|---|---|---|---|---|---|---|---|
| Dewey Decimal Classification | GRACE BIBLE COLLEGE | GRACE BIBLE COLLEGE | Theology | 2018-01-29 | 8 | 2 | 231 PIN | 006380 | 2025-05-01 | 2024-09-11 | c.1 | 2018-01-29 | Books |